Music Quiz

Random Music or Bands Quiz

Click the Animal Collective Album Covers Quiz Stats

 Plays Quiz not verified by Sporcle

Challenge
Share
Tweet
Score 0/10 Timer 01:30
0 Plays Today
% Correct
Strawberry Jam
93.2%
Merriweather Post Pavilion
91.9%
Centipede Hz
89%
Painting With
88.1%
Sung Tongs
88.1%
Feels
84.3%
Spirit They're Gone, Spirit They've Vanished
84.3%
Campfire Songs
81.4%
Here Comes the Indian
78%
Danse Manatee
72.9%

You're not logged in!

Compare scores with friends on all Sporcle quizzes.
OR
Log In

You Might Also Like...

Show Comments

Extras

Top Quizzes Today


Score Distribution

Your Account Isn't Verified!

In order to create a playlist on Sporcle, you need to verify the email address you used during registration. Go to your Sporcle Settings to finish the process.

Report this User

Report this user for behavior that violates our Community Guidelines.

Details: